LEADER 00890nam0 2200277 450 001 000007109 005 20060419110609.0 010 $a1-578-23029-2 100 $a20060419d1999----km-y0itay50------ba 101 0 $aeng 102 $aGB 105 $ay-------001yy 200 1 $a<>law of the sea$fR. R, Churchill and A. V. Lowe 205 $a3. ed. 210 $aManchester$cManchester university press$aYonkers (N.Y.)$cJuris Publishing$d1999 215 $aXLIX, 494 p.$d24 cm 225 2 $aMelland Schill studies in international law 410 0$12001$aMelland Schill studies in international law 676 $a341.45$v20 700 1$aChurchill,$bRobin Rolf$0229841 701 1$aLowe,$bAlan Vaughan$0495279 801 0$aIT$bUNIPARTHENOPE$c20060419$gRICA$2UNIMARC 912 $a000007109 951 $aG-0115$b34845$cNAVA3 996 $aLaw of the sea$9579926 997 $aUNIPARTHENOPE